| 000 | 00394nam a2200109Ia 4500 | ||
|---|---|---|---|
| 008 | 180205s9999 xx 000 0 und d | ||
| 020 | _a9789813208902 | ||
| 100 | _aAbramovich, Sergei | ||
| 245 |
_aDiversifying mathematics teaching : _badvanced educational content and methods for prospective elementary teachers |
||
| 260 |
_aLondon : _bWorld scientific publishing _c2017 |
||
| 300 | _av, 268 pages | ||
| 999 |
_c354913 _d354913 |
||